Normal view
MARC view
- Hansen, Robert C.
Entry Personal Name
001 - CONTROL NUMBER
- control field: 35917
003 - CONTROL NUMBER IDENTIFIER
- control field: OSt
005 - DATE AND TIME OF LATEST TRANSACTION
- control field: 20140413135618.0
008 - FIXED-LENGTH DATA ELEMENTS
- fixed length control field: 140413|| aca||aabn | a|a d
040 ## - CATALOGING SOURCE
- Original cataloging agency: OSt
100 10 - HEADING--PERSONAL NAME
- Personal name: Hansen, Robert C.
400 10 - SEE FROM TRACING--PERSONAL NAME
- Personal name: Hansen, R. C.
- Fuller form of name: (Robert C.)
400 10 - SEE FROM TRACING--PERSONAL NAME
- Personal name: Hansen, Robert Clinton